|
วิทยาลัยพยาบาลบรมราชชนนี ยะลา |
|
แสดงรายละเอียดบรรณานุกรม |
|
|
Brief Record
: Get Marc (ISO 2709)
: E-mail record
: |
|
|
|
| LEADER 00000nam 2200000uu 4500 | |||
| 001 3839 | |||
| 003 ULIBM | |||
| 008 260409s2568||||th 000 0 tha d | |||
| 020 ^a9741332963 | |||
| 050 4 ^aJA69^bณ259ร | |||
| 100 0 ^aณัชชาภัทร อุ่นตรงจิตร | |||
| 245 10 ^aรัฐศาสตร์ /^cณัชชาภัทร อุ่นตรงจิตร | |||
| 250 ^aพิมพ์ครั้งที่ 21 | |||
| 260 ^aกรุงเทพฯ :^bสำนักพิมพ์จุฬาลงกรณ์มหาวิทยาลัย ,^c2568. | |||
| 300 ^a257 หน้า:^bภาพประกอบ ;^c26 ซม. | |||
| 650 7 ^aรัฐศาสตร์ | |||
| 999 ^aฮัซวานี | |||
| คุณยังไม่ได้ล็อกอิน คุณสามารถมีกิจกรรมร่วมกับเว็บไซต์ได้ แต่ต้องล็อกอินก่อน :: |
|
| สถานะ | |||||||||
| 1. | หนังสือทั่วไป | JA69 ณ259ร 2568 ฉ.1 | ►หนังสือทั่วไปภาษาไทย | On Shelf | |||||
| 2. | หนังสือทั่วไป | JA69 ณ259ร 2568 ฉ.2 | ►หนังสือทั่วไปภาษาไทย | On Shelf | |||||
| 3. | หนังสือทั่วไป | JA69 ณ259ร 2568 ฉ.3 | ►หนังสือทั่วไปภาษาไทย | On Shelf | |||||
| 4. | หนังสือทั่วไป | JA69 ณ259ร 2568 ฉ.4 | ►หนังสือทั่วไปภาษาไทย | On Shelf | |||||
| 5. | หนังสือทั่วไป | JA69 ณ259ร 2568 ฉ.5 | ►หนังสือทั่วไปภาษาไทย | On Shelf | |||||
| [แสดง 5/5 รายการ] | |||||||||
| รายการใกล้เคียง หัวเรื่อง [รัฐศาสตร์] |
BibComment |
| คอมเมนท์ทรัพยากรรายการนี้ |
|
|